00748nam a2200205 a 450000100100000000500170001000800410002704000250006808200140009310000270010724500450013426000430017930000200022249000250024249000170026783000320028483000240031695201850034099900170052500003277620200930065828.0110726s1981 dr 000 p spa d aDO-SdBNPbspacBNPHU axxxxbxxx1 aJames, Norberto95860810aVivir Norberto James. /cNorberto James. aSanto Domingo,fAmigo del hogarc1981. a52 p. ;c22 cm.1 aLuna Cabeza Caliente1 aNoviluniov1 0aLuna Cabeza Caliente925200 0aNoviluniov1958609 0010718PDaPDbPDcCTd2011-07-26iLF1l0oxxxx xxxp32776-10r2020-06-25w2020-06-25yLFPDzPerteneció a la biblioteca personal de Aída Cartagena Portalatín.ZNo se presta c32267d32267